| 000 | 00646nam a2200217 4500 | ||
|---|---|---|---|
| 003 | OSt | ||
| 005 | 20240718013951.0 | ||
| 006 | a | ||
| 008 | 240718b |||||||| |||| 00| 0 eng d | ||
| 020 | _a069109506 | ||
| 040 |
_aDWCL-Main lib. _cOC |
||
| 082 | _aCirc. 547 B951g 2006 | ||
| 100 | _aBurdige, David J. | ||
| 245 | _aGeochemistry of marine sediments / | ||
| 260 |
_aPrinceton : _bPrinceton University Press, _cc2006. |
||
| 300 |
_axxvii, _b609 p. : ill. ; _c24 cm. |
||
| 504 | _aIncludes bibliographical references and index. | ||
| 650 | _a1. Marine sediments. | ||
| 650 | _a2. Organic chemistry. | ||
| 942 |
_2ddc _n0 _cBK-CIRC _kCirc. |
||
| 999 |
_c2341 _d2341 |
||